[Event "Sligo Championship 2024"]
[Site "Enniscrone IRL"]
[Date "2024.02.02"]
[Round "1.2"]
[White "Cassidy, Sydney"]
[Black "Cummins, Sean"]
[Result "0-1"]
[WhiteElo "1581"]
[BlackElo "1822"]
[WhiteICU "1371"]
[BlackICU "1677"]
[WhiteClub "Gorey"]
[BlackClub "Drogheda"]
[WhiteNationality "IRL"]
[BlackNationality "IRL"]
[WhiteFideId "2507226"]
[BlackFideId "2512084"]
[PlyCount "56"]
[EventSection "2/4"]
[EventDate "2024.02.02"]
[BlackFullName "Cummins, Se&aacute;n"]

{ Event information: <a
href="https://www.irlchess.com/sligo-cship2024_allfiles/pairings_sligo-cship2024.html">Tournament
report</a>. }

1. e4 c5 2. Nf3 d6 3. d4 cxd4 4. Nxd4 Nf6 5. Nc3 a6 6. Be2 e5 7. Nf3 Be7 8.
h3 h6 9. O-O Be6 10. Re1 Nbd7 11. Bf1 O-O 12. Nd5 Nxd5 13. exd5 Bf5 14. c4
Bf6 15. Bd3 Bxd3 16. Qxd3 Nc5 17. Qc2 a5 18. Be3 Rc8 19. Rab1 b5 20. Bxc5
Rxc5 21. b3 Qc7 22. Red1 bxc4 23. b4 axb4 24. Rxb4 c3 25. Kh1 Ra8 26. Rb3
Qa5 27. Rdb1 g6 28. a4 Qxa4 0-1

[Event "Sligo Championship 2024"]
[Site "Enniscrone IRL"]
[Date "2024.02.02"]
[Round "1.4"]
[White "McClatchey, Rob"]
[Black "Taaffe, Paul"]
[Result "1/2-1/2"]
[WhiteElo "1576"]
[BlackElo "1764"]
[BlackICU "1490"]
[BlackClub "Malahide"]
[WhiteNationality "ENG"]
[BlackNationality "IRL"]
[WhiteFideId "479217"]
[BlackFideId "2503549"]
[PlyCount "46"]
[EventSection "2/4"]
[EventDate "2024.02.02"]

{ Event information: <a
href="https://www.irlchess.com/sligo-cship2024_allfiles/pairings_sligo-cship2024.html">Tournament
report</a>. }

1. e4 d5 2. exd5 Qxd5 3. Nc3 Qd6 4. d4 Nf6 5. Nge2 c6 6. Bf4 Qd8 7. Qd3 g6
8. Qd2 Bg7 9. Bh6 O-O 10. Bxg7 Kxg7 11. O-O-O Qa5 12. Kb1 Nbd7 13. Nc1 Nd5
14. Nxd5 Qxd2 15. Rxd2 cxd5 16. Bb5 Nf6 17. f3 Bd7 18. Bxd7 Nxd7 19. Re1 e6
20. Nd3 Rfc8 21. Ne5 Nxe5 22. Rxe5 Rc4 23. c3 Rcc8 1/2-1/2

[Event "Sligo Championship 2024"]
[Site "Enniscrone IRL"]
[Date "2024.02.02"]
[Round "1.6"]
[White "Paibir, Atharva"]
[Black "McDonnell, Odhran"]
[Result "1-0"]
[WhiteElo "1632"]
[BlackElo "1742"]
[WhiteICU "1626"]
[BlackICU "1609"]
[BlackClub "St. Benildus"]
[WhiteNationality "IRL"]
[BlackNationality "IRL"]
[WhiteFideId "2512882"]
[BlackFideId "2507463"]
[PlyCount "103"]
[EventSection "2/4"]
[EventDate "2024.02.02"]
[BlackFullName "McDonnell, Odhr&aacute;n"]

{ Event information: <a
href="https://www.irlchess.com/sligo-cship2024_allfiles/pairings_sligo-cship2024.html">Tournament
report</a>. }

1. e4 c6 2. d4 d5 3. e5 Bf5 4. Nf3 e6 5. Be2 Nd7 6. O-O Ne7 7. c3 h6 8. Na3
Qc7 9. Bd2 g5 10. c4 dxc4 11. Nxc4 Nd5 12. Ne3 Bg6 13. Nxd5 exd5 14. Qb3
Be7 15. Rac1 Qb6 16. Bd1 Qxb3 17. Bxb3 Bd3 18. Rfe1 g4 19. Re3 Ba6 20. e6
fxe6 21. Rxe6 Kf7 22. Rce1 Rae8 23. Bc2 Rhg8 24. Ne5+ Kxe6 25. Nxg4+ Kf7
26. Nxh6+ Kf6 27. h4 Bd8 28. Bg5+ Kg7 29. Nf5+ Kh8 30. Rxe8 Rxe8 31. Nd6
Re1+ 32. Kh2 Bxg5 33. hxg5 Re2 34. Bf5 Nf8 35. Kg3 Kg7 36. f4 Ng6 37. Bg4
Re1 38. f5 Nf8 39. Bh5 Nh7 40. Ne8+ Kf8 41. g6 Ng5 42. Kf4 Rxe8 43. g7+ Kg8
44. Bxe8 Nf7 45. f6 Bd3 46. Bd7 a5 47. g4 a4 48. a3 Bg6 49. g5 Nd6 50. Be6+
Nf7 51. Bf5 Kh7 52. Bxg6+ 1-0

[Event "Sligo Championship 2024"]
[Site "Enniscrone IRL"]
[Date "2024.02.02"]
[Round "1.7"]
[White "McGrath, Mark"]
[Black "Salmin, Vitaliy"]
[Result "0-1"]
[WhiteElo "1714"]
[BlackElo "1570"]
[WhiteICU "1561"]
[BlackICU "1442"]
[WhiteClub "Cork"]
[WhiteNationality "IRL"]
[BlackNationality "RUS"]
[WhiteFideId "2519895"]
[BlackFideId "34147885"]
[PlyCount "50"]
[EventSection "2/4"]
[EventDate "2024.02.02"]

{ Event information: <a
href="https://www.irlchess.com/sligo-cship2024_allfiles/pairings_sligo-cship2024.html">Tournament
report</a>. }

1. b3 Nf6 2. Bb2 d5 3. e3 c5 4. Nf3 Nc6 5. Bb5 Bd7 6. O-O a6 7. Bxc6 Bxc6
8. d4 e6 9. Nbd2 cxd4 10. Nxd4 Bd6 11. c4 Bd7 12. N4f3 O-O 13. cxd5 exd5
14. Rc1 Bg4 15. Qc2 Bh5 16. Qb1 Re8 17. Qa1 Re6 18. h3 Ne4 19. g4 Nxd2 20.
Nxd2 Qh4 21. Kg2 Bxg4 22. Rh1 Bf5 23. Rcg1 Bd3 24. f4 Rxe3 25. Nf3 Re2+ 0-1

[Event "Sligo Championship 2024"]
[Site "Enniscrone IRL"]
[Date "2024.02.02"]
[Round "1.8"]
[White "Arun, Nitish"]
[Black "O'Shea, Niall"]
[Result "1-0"]
[WhiteElo "1556"]
[BlackElo "1709"]
[WhiteICU "1507"]
[BlackICU "1455"]
[WhiteClub "Cork"]
[BlackClub "Drumlish"]
[WhiteNationality "IRL"]
[BlackNationality "IRL"]
[WhiteFideId "2524201"]
[BlackFideId "2505142"]
[PlyCount "55"]
[EventSection "2/4"]
[EventDate "2024.02.02"]

{ Event information: <a
href="https://www.irlchess.com/sligo-cship2024_allfiles/pairings_sligo-cship2024.html">Tournament
report</a>. }

1. d4 e5 2. dxe5 d6 3. Nc3 Nc6 4. Nf3 Bg4 5. e4 Nxe5 6. Be2 Ng6 7. Be3 Be7
8. Qd4 Bxf3 9. gxf3 Bf6 10. Qb4 N8e7 11. O-O-O Qc8 12. f4 Nc6 13. Qb3 O-O
14. Nd5 Bd8 15. f5 Nge7 16. f6 Nxd5 17. fxg7 Re8 18. exd5 Ne5 19. Rdg1 Ng6
20. Bd3 Bf6 21. h4 Ne5 22. Bg5 Qd8 23. f4 Nxd3+ 24. Qxd3 c5 25. Qf5 Bxg5
26. hxg5 Kxg7 27. Rxh7+ Kg8 28. Qxf7# 1-0

[Event "Sligo Championship 2024"]
[Site "Enniscrone IRL"]
[Date "2024.02.02"]
[Round "1.9"]
[White "Govindaraju, Darun"]
[Black "McDonnell Ryan, Lorcan"]
[Result "1-0"]
[WhiteElo "1683"]
[BlackElo "1554"]
[WhiteICU "1669"]
[BlackICU "1648"]
[WhiteClub "Moate Juniors"]
[BlackClub "Skerries"]
[WhiteNationality "IRL"]
[BlackNationality "IRL"]
[WhiteFideId "2519690"]
[BlackFideId "2522233"]
[PlyCount "57"]
[EventSection "2/4"]
[EventDate "2024.02.02"]
[BlackFullName "McDonnell Ryan, Lorc&aacute;n"]

{ Event information: <a
href="https://www.irlchess.com/sligo-cship2024_allfiles/pairings_sligo-cship2024.html">Tournament
report</a>. }

1. d4 Nf6 2. Bg5 e6 3. e4 h6 4. Bxf6 Qxf6 5. c3 c5 6. Nf3 b6 7. Bd3 Bb7 8.
O-O d6 9. Re1 g6 10. Nbd2 Qd8 11. Bb5+ Nd7 12. dxc5 bxc5 13. Nc4 Qc7 14.
Qa4 Be7 15. Rad1 Rd8 16. e5 d5 17. Nd6+ Bxd6 18. exd6 Qxd6 19. Ne5 a6 20.
Bxd7+ Rxd7 21. c4 f6 22. Nxd7 Qxd7 23. Rxe6+ Kd8 24. Qa5+ Qc7 25. Qc3 d4
26. b4 Qd7 27. Qe1 cxb4 28. c5 Qd5 29. Rd6+ 1-0

[Event "Sligo Championship 2024"]
[Site "Enniscrone IRL"]
[Date "2024.02.02"]
[Round "1.10"]
[White "Lane, Alan"]
[Black "Bermingham, Adam"]
[Result "1/2-1/2"]
[WhiteElo "1551"]
[BlackElo "1676"]
[WhiteICU "1204"]
[BlackICU "1128"]
[WhiteClub "St. Benildus"]
[BlackClub "Curragh"]
[WhiteNationality "IRL"]
[BlackNationality "IRL"]
[WhiteFideId "368179924"]
[BlackFideId "2527197"]
[PlyCount "111"]
[EventSection "2/4"]
[EventDate "2024.02.02"]

{ Event information: <a
href="https://www.irlchess.com/sligo-cship2024_allfiles/pairings_sligo-cship2024.html">Tournament
report</a>. }

1. e4 d5 2. Nc3 dxe4 3. d3 exd3 4. Bxd3 Nf6 5. Be3 Nc6 6. Qd2 e5 7. Nge2
Bd6 8. O-O-O Ng4 9. Bg5 f6 10. Bh4 Be6 11. h3 Nh6 12. g4 g5 13. Bb5 O-O 14.
Ne4 Nf7 15. Bg3 Qe7 16. N2c3 Nd4 17. Be2 Bb4 18. Qe3 Bxc3 19. Nxc3 Qb4 20.
a3 Nxe2+ 21. Qxe2 Qe7 22. h4 Rad8 23. Rde1 Rd4 24. hxg5 Bxg4 25. gxf6 Qxf6
26. Bxe5 Nxe5 27. Qxe5 Qf4+ 28. Qe3 Qxe3+ 29. fxe3 Rd7 30. Reg1 Rg7 31. Nd5
Kh8 32. Nf4 Bf5 33. Rxg7 Kxg7 34. Rf1 Kg8 35. Nd5 Bh3 36. Rg1+ Kh8 37. Nxc7
Rf1+ 38. Rxf1 Bxf1 39. Kd2 h5 40. Ke1 Bg2 41. Kf2 Be4 42. c3 Kg7 43. Kg3
Kf6 44. Nb5 a6 45. Nd4 Ke5 46. b3 Bc6 47. Nxc6+ bxc6 48. b4 Ke4 49. c4 Kxe3
50. a4 Kd4 51. b5 cxb5 52. cxb5 axb5 53. axb5 Kc5 54. b6 Kxb6 55. Kh4 Kc5
56. Kxh5 1/2-1/2

[Event "Sligo Championship 2024"]
[Site "Enniscrone IRL"]
[Date "2024.02.02"]
[Round "1.11"]
[White "O'Connell, Denis"]
[Black "Arun, Rahul"]
[Result "1-0"]
[WhiteElo "1652"]
[BlackElo "1529"]
[WhiteICU "1500"]
[BlackICU "1049"]
[WhiteClub "Cork"]
[BlackClub "Cork"]
[WhiteNationality "IRL"]
[BlackNationality "IRL"]
[WhiteFideId "2505860"]
[BlackFideId "2524210"]
[PlyCount "63"]
[EventSection "2/4"]
[EventDate "2024.02.02"]

{ Event information: <a
href="https://www.irlchess.com/sligo-cship2024_allfiles/pairings_sligo-cship2024.html">Tournament
report</a>. }

1. e4 c5 2. c3 d5 3. exd5 Qxd5 4. d4 Nc6 5. Nf3 Bg4 6. Be2 O-O-O 7. O-O
cxd4 8. cxd4 Bxf3 9. Bxf3 Qxd4 10. Qb3 e6 11. Be3 Na5 12. Qc2+ Qc4 13. Nc3
Bc5 14. Be2 Qb4 15. Bxc5 Qxc5 16. b4 Qc7 17. bxa5 Nf6 18. a6 Nd5 19. Rfc1
Nb4 20. Qb3 Nc6 21. Qxb7+ Qxb7 22. axb7+ Kxb7 23. Bf3 Rc8 24. Rab1+ Ka6 25.
Be2+ Ka5 26. Rb5+ Ka6 27. Rb3+ Ka5 28. Rcb1 Nb4 29. Ra3+ Kb6 30. Rxb4+ Kc5
31. Rc4+ Kb6 32. Rb3+ 1-0

[Event "Sligo Championship 2024"]
[Site "Enniscrone IRL"]
[Date "2024.02.02"]
[Round "1.12"]
[White "Krys, Dmytro"]
[Black "O'Rourke, Emmet"]
[Result "1-0"]
[WhiteElo "1541"]
[BlackElo "1711"]
[BlackICU "1438"]
[WhiteNationality "UKR"]
[BlackNationality "IRL"]
[WhiteFideId "34187480"]
[BlackFideId "2521997"]
[PlyCount "87"]
[EventSection "2/4"]
[EventDate "2024.02.02"]

{ Event information: <a
href="https://www.irlchess.com/sligo-cship2024_allfiles/pairings_sligo-cship2024.html">Tournament
report</a>. }

1. e4 c6 2. d4 d5 3. e5 c5 4. c3 Nc6 5. Nf3 cxd4 6. cxd4 Bg4 7. Bb5 e6 8.
a3 Ne7 9. Nc3 Nf5 10. Be3 Be7 11. h3 Bxf3 12. Qxf3 O-O 13. Bxc6 bxc6 14.
Qd1 Nxe3 15. fxe3 Bh4+ 16. Kd2 Rb8 17. b4 a5 18. Rb1 axb4 19. axb4 Qe7 20.
b5 c5 21. Qg4 Rfc8 22. dxc5 Rxc5 23. Qb4 Rc7 24. Qxe7 Bxe7 25. Rhc1 g6 26.
b6 Rcb7 27. Na4 Bd8 28. Rc6 Kg7 29. Kd3 Kf8 30. Kd4 Ke8 31. Kc5 Be7+ 32.
Kb5 Kd7 33. Nc5+ Bxc5 34. Kxc5 Ra8 35. Kb5 Ra3 36. Rd6+ Ke7 37. Kc6 Rb8 38.
Kc7 Rba8 39. b7 R3a7 40. Rbb6 Ke8 41. Rd7 h6 42. Kd6 Rb8 43. Rc7 h5 44.
Rc8+ 1-0

[Event "Sligo Championship 2024"]
[Site "Enniscrone IRL"]
[Date "2024.02.02"]
[Round "1.13"]
[White "Nelson, Jacob"]
[Black "Ryan, Tiernan"]
[Result "1-0"]
[WhiteElo "1665"]
[BlackElo "1527"]
[WhiteICU "1327"]
[WhiteNationality "IRL"]
[BlackNationality "IRL"]
[WhiteFideId "2520320"]
[BlackFideId "2529254"]
[PlyCount "47"]
[EventSection "2/4"]
[EventDate "2024.02.02"]

{ Event information: <a
href="https://www.irlchess.com/sligo-cship2024_allfiles/pairings_sligo-cship2024.html">Tournament
report</a>. }

1. d4 Nf6 2. c4 e6 3. g3 d5 4. Bg2 b6 5. Nf3 Nbd7 6. O-O Ba6 7. cxd5 exd5
8. Nc3 Bb4 9. Ne5 Bb7 10. Bg5 Be7 11. Qa4 Ne4 12. Nxe4 dxe4 13. Bxe7 Qxe7
14. Bh3 Bc8 15. Qc6 Rb8 16. Qxc7 O-O 17. Nc6 Qe8 18. Nxb8 Nxb8 19. Bxc8
Qxc8 20. Qxc8 Rxc8 21. Rac1 Rd8 22. Rc7 a5 23. Rfc1 g6 24. Rc8 1-0

[Event "Sligo Championship 2024"]
[Site "Enniscrone IRL"]
[Date "2024.02.02"]
[Round "1.14"]
[White "Kononova, Alina"]
[Black "Luka, Jude"]
[Result "1-0"]
[WhiteElo "1632"]
[BlackElo "1522"]
[BlackICU "1199"]
[WhiteNationality "UKR"]
[BlackNationality "IRL"]
[WhiteFideId "14137593"]
[BlackFideId "2518074"]
[PlyCount "67"]
[EventSection "2/4"]
[EventDate "2024.02.02"]

{ Event information: <a
href="https://www.irlchess.com/sligo-cship2024_allfiles/pairings_sligo-cship2024.html">Tournament
report</a>. }

1. e4 c5 2. Nf3 Nc6 3. Nc3 d6 4. Bc4 e6 5. O-O Be7 6. d4 cxd4 7. Nxd4 Nf6
8. Be3 O-O 9. Qe2 Nxe4 10. Nxe4 d5 11. Rad1 Bd7 12. Bb5 Nxd4 13. Rxd4 Bxb5
14. Qxb5 Qc7 15. Rfd1 a6 16. Qe2 Rac8 17. c4 Qe5 18. f4 Qf5 19. Ng3 Qf6 20.
cxd5 Bc5 21. Ne4 Qg6 22. Nxc5 Rxc5 23. dxe6 fxe6 24. Rc4 Rh5 25. Rc5 Rh3
26. Rg5 Rxe3 27. Qxe3 Qc2 28. Qxe6+ Kh8 29. Qd7 Qxb2 30. Qd4 Qxd4+ 31. Rxd4
h6 32. Re5 Rf7 33. Red5 Kh7 34. Rd7 1-0

[Event "Sligo Championship 2024"]
[Site "Enniscrone IRL"]
[Date "2024.02.02"]
[Round "1.15"]
[White "Foenander, Phillip"]
[Black "Mazzamuto, Salvatore Lorenzo"]
[Result "0-1"]
[WhiteElo "1514"]
[BlackElo "1628"]
[WhiteICU "1224"]
[WhiteClub "Limerick"]
[WhiteNationality "IRL"]
[BlackNationality "ITA"]
[WhiteFideId "2505444"]
[BlackFideId "28557336"]
[PlyCount "56"]
[EventSection "2/4"]
[EventDate "2024.02.02"]

{ Event information: <a
href="https://www.irlchess.com/sligo-cship2024_allfiles/pairings_sligo-cship2024.html">Tournament
report</a>. }

1. d4 Nf6 2. c4 g6 3. Nc3 Bg7 4. e4 d6 5. f3 O-O 6. Bd3 c5 7. d5 e6 8. Nge2
exd5 9. cxd5 a6 10. a4 b6 11. O-O Qc7 12. Be3 Nbd7 13. b3 Ne5 14. Bc2 Rb8
15. Qd2 Re8 16. h3 b5 17. f4 Ned7 18. axb5 axb5 19. Bd3 Qd8 20. Ra2 b4 21.
Nd1 Nxe4 22. Bxe4 Rxe4 23. Nf2 Re7 24. Ng4 f5 25. Nh2 Nf6 26. Nf3 Qe8 27.
Bf2 Ne4 28. Qe1 Nc3 0-1

[Event "Sligo Championship 2024"]
[Site "Enniscrone IRL"]
[Date "2024.02.02"]
[Round "1.16"]
[White "O'Sullivan, Aidan"]
[Black "Nielsen, Robert"]
[Result "1-0"]
[WhiteElo "1611"]
[BlackElo "1506"]
[WhiteICU "1447"]
[BlackICU "1319"]
[BlackClub "Naomh Barrog"]
[WhiteNationality "IRL"]
[BlackNationality "IRL"]
[WhiteFideId "2512386"]
[BlackFideId "2516624"]
[PlyCount "69"]
[EventSection "2/4"]
[EventDate "2024.02.02"]

{ Event information: <a
href="https://www.irlchess.com/sligo-cship2024_allfiles/pairings_sligo-cship2024.html">Tournament
report</a>. }

1. d4 d5 2. Nf3 Bf5 3. Bg5 h6 4. Bh4 Nf6 5. e3 e6 6. Nbd2 Be7 7. Ne5 O-O 8.
f4 Ne4 9. Bxe7 Qxe7 10. Nxe4 Bxe4 11. c3 Nd7 12. Nxd7 Qxd7 13. Bd3 Bxg2 14.
Rg1 Bh3 15. Qh5 Bf5 16. Qxh6 g6 17. Bxf5 exf5 18. Rg3 Rfe8 19. Rh3 Rxe3+
20. Rxe3 Re8 21. Rxe8+ Qxe8+ 22. Kd2 Qb5 23. b3 c5 24. dxc5 Qxc5 25. Re1
Qb5 26. a4 Qd7 27. Re3 d4 28. Rh3 dxc3+ 29. Kxc3 Qc6+ 30. Kb2 Qf6+ 31. Ka2
Qd4 32. Qh7+ Kf8 33. Qh8+ Qxh8 34. Rxh8+ Ke7 35. Rb8 1-0

[Event "Sligo Championship 2024"]
[Site "Enniscrone IRL"]
[Date "2024.02.02"]
[Round "1.17"]
[White "Sloan, Cecil"]
[Black "Campbell, Andrew"]
[Result "0-1"]
[WhiteElo "1436"]
[BlackElo "1600"]
[WhiteICU "1570"]
[WhiteNationality "USA"]
[BlackNationality "IRL"]
[WhiteFideId "2036738"]
[BlackFideId "2518392"]
[PlyCount "99"]
[EventSection "2/4"]
[EventDate "2024.02.02"]

{ Event information: <a
href="https://www.irlchess.com/sligo-cship2024_allfiles/pairings_sligo-cship2024.html">Tournament
report</a>. }

1. e4 d6 2. d4 Nf6 3. Nc3 g6 4. Nf3 Bg7 5. h3 O-O 6. Be3 c6 7. a4 Qa5 8.
Bd3 Nbd7 9. O-O Re8 10. Qd2 Qh5 11. Be2 Qa5 12. Bd3 Qc7 13. Rfe1 e5 14.
dxe5 Nxe5 15. Nxe5 dxe5 16. Qe2 Nh5 17. Qf3 Nf4 18. Rad1 Be6 19. Bxf4 exf4
20. Ne2 g5 21. Nc3 Qe7 22. e5 Rad8 23. Qe4 f5 24. exf6 Bxf6 25. Qf3 Qg7 26.
Qh5 Bxc3 27. bxc3 Bf7 28. Qf3 h5 29. c4 Kh8 30. Be4 Rxd1 31. Rxd1 Qe5 32.
Bd3 Rg8 33. Qe2 Re8 34. Qxe5+ Rxe5 35. Rb1 b6 36. Kf1 Ra5 37. Re1 Rxa4 38.
Re5 Bxc4 39. Bxc4 Rxc4 40. Re8+ Kg7 41. Re7+ Kf6 42. Rxa7 Rxc2 43. Rh7 h4
44. Rh6+ Kf5 45. Rd6 b5 46. Ke1 b4 47. Rd3 Rc3 48. Rxc3 bxc3 49. Kd1 Ke4
50. Kc2 0-1

[Event "Sligo Championship 2024"]
[Site "Enniscrone IRL"]
[Date "2024.02.02"]
[Round "1.18"]
[White "Hiatt, Alan P."]
[Black "McNamara, John J."]
[Result "1/2-1/2"]
[WhiteElo "1597"]
[BlackElo "1373"]
[WhiteNationality "ENG"]
[BlackNationality "IRL"]
[WhiteFideId "421081"]
[BlackFideId "343421962"]
[PlyCount "49"]
[EventSection "2/4"]
[EventDate "2024.02.02"]

{ Event information: <a
href="https://www.irlchess.com/sligo-cship2024_allfiles/pairings_sligo-cship2024.html">Tournament
report</a>. }

1. e4 c6 2. Nf3 d5 3. Nc3 dxe4 4. Nxe4 Nf6 5. Nxf6+ exf6 6. d4 Bd6 7. Bd3
O-O 8. O-O Re8 9. c3 Be6 10. Qc2 g6 11. Bh6 Nd7 12. Rfe1 Nf8 13. Re3 Qc7
14. Rae1 Re7 15. h3 Rae8 16. Nd2 c5 17. Ne4 Nd7 18. Nxd6 Qxd6 19. dxc5 Nxc5
20. Bb5 Bf5 21. Rxe7 Rxe7 22. Rxe7 Qxe7 23. Qd2 Ne4 24. Qf4 Qd6 25. Qxd6
1/2-1/2

[Event "Sligo Championship 2024"]
[Site "Enniscrone IRL"]
[Date "2024.02.02"]
[Round "1.19"]
[White "Verlekar, Vivaan"]
[Black "Baird, David"]
[Result "1-0"]
[WhiteElo "1520"]
[BlackElo "1645"]
[WhiteICU "1384"]
[BlackICU "1430"]
[WhiteClub "North Kildare"]
[BlackClub "Westport"]
[WhiteNationality "IRL"]
[BlackNationality "IRL"]
[WhiteFideId "2516942"]
[BlackFideId "2507250"]
[PlyCount "28"]
[EventSection "2/4"]
[EventDate "2024.02.02"]

{ Event information: <a
href="https://www.irlchess.com/sligo-cship2024_allfiles/pairings_sligo-cship2024.html">Tournament
report</a>. }

1. e4 e6 2. d4 d5 3. e5 c5 4. c3 a6 5. Nf3 Nc6 6. Bd3 Qb6 7. O-O cxd4 8.
cxd4 Bd7 9. Bc2 Nge7 10. Nc3 O-O-O 11. Na4 Qa7 12. Be3 Kb8 13. Ng5 h6 14.
Nxf7 Rc8 1-0

[Event "Sligo Championship 2024"]
[Site "Enniscrone IRL"]
[Date "2024.02.03"]
[Round "2.1"]
[White "Campbell, Andrew"]
[Black "Nikiforov, Sergey"]
[Result "1/2-1/2"]
[WhiteElo "1600"]
[BlackElo "1840"]
[WhiteNationality "IRL"]
[BlackNationality "UKR"]
[WhiteFideId "2518392"]
[BlackFideId "14129086"]
[PlyCount "162"]
[EventSection "2/4"]
[EventDate "2024.02.02"]

{ Event information: <a
href="https://www.irlchess.com/sligo-cship2024_allfiles/pairings_sligo-cship2024.html">Tournament
report</a>. }

1. d4 c5 2. dxc5 e6 3. e4 Bxc5 4. Nc3 Nc6 5. Bd3 Nge7 6. Qh5 Qa5 7. Qh4 d5
8. Bd2 Bb4 9. Nf3 d4 10. Ne2 Bxd2+ 11. Nxd2 Ng6 12. Qg3 e5 13. c3 O-O 14.
O-O Be6 15. Nb3 Qb6 16. Bc2 Rac8 17. cxd4 exd4 18. Bd3 Rfd8 19. f4 Bxb3 20.
axb3 Qxb3 21. f5 Nge5 22. f6 Ng6 23. h4 Nce5 24. Nf4 h5 25. Nxg6 Nxg6 26.
Rf3 Qe6 27. Rf5 gxf6 28. Raf1 Rc6 29. Rxh5 Kf8 30. Rhf5 Ne7 31. Rh5 Ng6 32.
Rhf5 Ke7 33. Rxf6 Qxf6 34. Rxf6 Rxf6 35. Qg5 Rd6 36. e5 Nxe5 37. Qxe5+ Rfe6
38. Qg5+ Kf8 39. h5 a6 40. Bc4 Rf6 41. g4 b5 42. Bd3 Rf3 43. h6 Rxd3 44. h7
Rh3 45. Qg8+ Ke7 46. h8=Q Rxh8 47. Qxh8 d3 48. Qe5+ Kd7 49. Qf5+ Ke7 50.
Qg5+ f6 51. Qd2 b4 52. Kf2 a5 53. Ke1 Kd7 54. Kd1 Rd5 55. Qf4 Ke6 56. Kd2
Ke7 57. Qe4+ Kd6 58. Qc4 Ke5 59. b3 Kd6 60. Qf4+ Ke6 61. Qc7 Rd4 62. Qxa5
Rxg4 63. Kxd3 f5 64. Qb6+ Ke5 65. Qc5+ Ke6 66. Qc8+ Ke5 67. Qe8+ Kf6 68.
Kd2 Rd4+ 69. Kc2 Rg4 70. Qh8+ Ke6 71. Kd3 Kf7 72. Ke2 Ke6 73. Kf3 Kf7 74.
Qh6 Re4 75. Qg5 Ke6 76. Qg6+ Ke5 77. Qf7 Rf4+ 78. Kg3 Rg4+ 79. Kh3 Re4 80.
Qe7+ Kf4 81. Qd6+ Kg5 1/2-1/2

[Event "Sligo Championship 2024"]
[Site "Enniscrone IRL"]
[Date "2024.02.03"]
[Round "2.2"]
[White "Cummins, Sean"]
[Black "Paibir, Atharva"]
[Result "1-0"]
[WhiteElo "1822"]
[BlackElo "1632"]
[WhiteICU "1677"]
[BlackICU "1626"]
[WhiteClub "Drogheda"]
[WhiteNationality "IRL"]
[BlackNationality "IRL"]
[WhiteFideId "2512084"]
[BlackFideId "2512882"]
[PlyCount "77"]
[EventSection "2/4"]
[EventDate "2024.02.02"]
[WhiteFullName "Cummins, Se&aacute;n"]

{ Event information: <a
href="https://www.irlchess.com/sligo-cship2024_allfiles/pairings_sligo-cship2024.html">Tournament
report</a>. }

1. e4 c6 2. d4 d5 3. e5 c5 4. dxc5 Nc6 5. Nf3 Bg4 6. Bb5 Qa5+ 7. Nc3 e6 8.
Be3 Ne7 9. a3 Rd8 10. b4 Qc7 11. Bxc6+ bxc6 12. Bd4 Ng6 13. h3 Bxf3 14.
Qxf3 Nxe5 15. Qg3 f6 16. O-O Kf7 17. Rfe1 Be7 18. Rxe5 fxe5 19. Bxe5 Qxe5
20. Qxe5 Bf6 21. Qc7+ Kg6 22. Qg3+ Kf7 23. Rb1 Rc8 24. b5 cxb5 25. Rxb5
Rhe8 26. Rb7+ Re7 27. Rxe7+ Bxe7 28. Qf4+ Kg6 29. Nxd5 Bxc5 30. Qe4+ Kf7
31. Nf4 Re8 32. Qxh7 Bxa3 33. Qg6+ Ke7 34. Qxe6+ Kd8 35. Qd5+ Ke7 36. Qb7+
Kf8 37. Ng6+ Kg8 38. Qb3+ Kh7 39. Qxa3 1-0